تسوية المنازعات في إطار اتفاقات منظمة التجارة العالمية / (Record no. 23236)

MARC details
000 -الفاتح
حقل البيانات ثابتة الطول 00927nam a22002415a 4500
003 - محدد رقم الضبط
رقم الضبط OSt
005 - وقت وتاريخ اخر تعامل مع التسجيلة
رقم الضبط 20170220115351.0
008 - عناصر البيانات ثابتة الطول - معلومات عامة
حقل البيانات ثابتة الطول 161121s2007 ua frb 000 0 ara d
015 ## -
-- 2007/1741
020 ## - الرقم الدولى المعيارى للكتب
الرقم الدولى المعيارى للكتاب 9770449369
040 ## - مصدر الفهرسة
وكالة الفهرسة الأصلية EG-ScBUE
لغة الفهرسة ara
وكالة النسخ EG-ScBUE
082 04 - رقم تصنيف ديوى العشرى
رقم التصنيف 382.92
رقم المادة ب ص ي
رقم الطبعة 22
100 1# - المدخل الرئيسى - إسم شخصى
الإسم الشخصى بصيلي، خيري فتحي.
245 10 - بيان العنوان
العنوان تسوية المنازعات في إطار اتفاقات منظمة التجارة العالمية /
بيان المسئوليه,etc خيري فتحي البصيلي.
260 ## - PUBLICATION, DISTRIBUTION, ETC. (IMPRINT)
مكان الناشر او الموزع القاهرة :
اسم الناشر او الموزع دار النهضة العربية،
تاريخ النشر أو التوزيع 2007.
300 ## - الوصف المادى
التعداد 630 ص. ؛
أبعاد الوعاء 24 سم.
504 ## - تبصرة ببليوجرافية
تبصرة ببليوجرافية,الخ يشتمل على إرجاعات ببليوجرافية.
610 27 - المدخل الاضافى بالموضوع-اسم هيئة
اسم الهيئة أو اسم السلطة كمدخل منظمة التجارة العالمية (جنيف، سويسرا)
مصدر الرأس أو المصطلح BUEsh
650 #7 - المدخل الاضافى بالموضوع-مصطلح موضوعى
مصطلح موضوعي أو اسم جغرافي كعنصر مدخل المنازعات التجارية (قانون دولي)
مصدر الرأس أو المصطلح BUEsh
651 ## - المدخل الاضافى بالموضوع - اسم جغرافى
مصدر الرأس أو المصطلح BUEsh
653 ## - مصطلح تكشيفى غير مقيد
Resource For college Law
Arrived date list November2016
942 ## - عناصر المدخل الإضافي( كوها)
مصدر التصنيف او مخطط الترفيف Dewey Decimal Classification
Holdings
حالة التراجع حالة الفقد مصدر التصنيف او خطة الترفيف حالة تلف ليس للاعارة مجموعات كوها المكان الدائم المكان الحالي موقع الترفيف تاريخ الاكتساب Source of acquisition سعر الشراء الطبيعي تعداد مسلسل / التسلسل الزمني رقم الاستدعاء الباركود Date last seen التكلفة نوع الوعاء
    Dewey Decimal Classification     دار النهضة العربية Central Library Central Library First floor 21/11/2016 Purchase 90.00 2815 382.92 ب ص ي 000034929 15/07/2025 112.50 Book - Borrowing
    Dewey Decimal Classification     دار النهضة العربية Central Library Central Library First floor 21/11/2016 Purchase 90.00 2815 382.92 ب ص ي 000034932 15/07/2025 112.50 Book - Borrowing